| 000 | 00374 a2200157 4500 | ||
|---|---|---|---|
| 001 | 149376 | ||
| 040 | _cEscola São Tomás de Aquino | ||
| 100 | _aMEURER, Sérgio | ||
| 240 | 1 | 0 |
_aSegredos de uma quinta feira _lpor |
| 245 | 1 | 0 | _aSegredos de uma quinta feira |
| 300 | _a87 | ||
| 362 | 0 | _a2009 | |
| 440 | 1 | _aCortez | |
| 697 | _a*LITERATURA INFANTO JUVENIL | ||
| 942 | _cBK | ||
| 999 |
_c149376 _d149376 |
||